=LDR 00000nam 2200000 4500 =001 INLIS000000000023874 =005 20130612122510 =008 ***********************************Ind** =035 ##$$0010-061300000023874 =041 ##$$a Ind =082 ##$$a 410.6 =090 ##$$a 410.6, Gaz s =100 ##$$a Gazali, Muhammad =245 ##$$a Sistem morfologi Nomina bahasa Muna, Muhammad Gazali =260 ##$$a 1995 $b Jakarta =300 ##$$a xii, 65 hlm, 22 cm =650 ##$$a Bahasa Muna =850 ##$$a NBPNMAT =990 ##$$a 0001/BPAP-NTB/2015